000 01477nam0a22002891 4500
001 rc\830297
005 20041129091823.8
035 _a(NLR Aleph) 006012350
090 _a7341718
_c7341718
100 _a20041129d1983 u |0rusy50 ca
101 0 _arus
102 _aRU
105 _aa |||||||||
200 1 _aМетоды оценки экономической эффективности научно-технического прогресса в нефтяной промышленности
_f[Зинченко Г.И., Кесельман Г.С., Прутянова З.С.]
210 _aМ.
_cВНИИОЭНГ
_d1983
215 _a32 с.
_cил.
_d20
225 1 _aНефтяная промышленность
_iСерия "Экономика нефтяной промышленности"
_eОбзор. информ. По основным направлениям развития отрасли
_fВНИИ орг., упр. и экономики нефтегазовой пром-сти
_vВып. 9 (22)
300 _aВ надзаг. также: М-во нефт. пром-сти
320 _aБиблиогр.: с. 29-31
700 1 _aЗинченко
_bГ. И.
_gГеннадий Иванович
701 1 _aКесельман
_bГ. И.
_gГеннадий Иванович
701 1 _aПрутянова
_bЗ. С.
_gЗоя Серафимовна
801 0 _aRU
_bNLR
_gpsbo
801 1 _aRU
_bELAR
_2rusmarc
852 _aNLR
_jП22/4925
942 _cBOOK
980 _aNB